000 00352 a2200169 4500
001 182735
020 _a85-322-4992-2
040 _cMagnum
100 _aCervantes, Miguel de
240 1 0 _aDom quixote
_lpor
245 1 0 _aDom quixote
300 _a144
362 0 _a2002
440 1 _aFTD
697 _aLITERATURA GERAL ESTRANGEIRA
942 _cBK
999 _c182735
_d182735